Practical Guide to ECG Interpretation (Record no. 159280)
[ view plain ]
| 000 -LEADER | |
|---|---|
| fixed length control field | 00373nam a2200145Ia 4500 |
| 008 - FIXED-LENGTH DATA ELEMENTS--GENERAL INFORMATION | |
| fixed length control field | 230519s9999 xx 000 0 und d |
| 020 ## - INTERNATIONAL STANDARD BOOK NUMBER | |
| International Standard Book Number | 1-55664-557-0 |
| 041 ## - LANGUAGE CODE | |
| Language code of text/sound track or separate title | eng |
| 082 ## - DEWEY DECIMAL CLASSIFICATION NUMBER | |
| Classification number | 616.1/GRA/DB0540 |
| 100 ## - MAIN ENTRY--PERSONAL NAME | |
| Personal name | Grauer Ken |
| 9 (RLIN) | 180401 |
| 245 ## - TITLE STATEMENT | |
| Title | Practical Guide to ECG Interpretation |
| 260 ## - PUBLICATION, DISTRIBUTION, ETC. (IMPRINT) | |
| Name of publisher, distributor, etc. | Mosby |
| Place of publication, distribution, etc. | St Louis |
| Date of publication, distribution, etc. | 1998 |
| 300 ## - PHYSICAL DESCRIPTION | |
| Extent | 492p |
| Withdrawn status | Lost status | Damaged status | Not for loan | Home library | Current library | Date acquired | Cost, normal purchase price | Bill number | Total Checkouts | Full call number | Barcode | Date last seen | Date last checked out | Bill Date | Koha item type | Original Barcode |
|---|---|---|---|---|---|---|---|---|---|---|---|---|---|---|---|---|
| Smt. Bakul Tambat Institute of Nursing Education | Smt. Bakul Tambat Institute of Nursing Education | 03/08/2017 | 500.00 | 859 | 1 | 616.1 GRA DB0540 | BTIN-DB-540 | 19/11/2025 | 03/11/2025 | 03/08/2017 | Donated Book | DB0540 |